00921nam a22002417a 4500999001900000005001700019010001500036020002600051035001400077037001300091082000800104245010800112250001600220260002500236270013000261300005900391500002300450700001600473700002100489700001700510942002200527952013000549 c175642d17564220200911153008.0 aENG-128419 c625.00a9789353944483 aEN-111951 bDBAD/PUB a510 aPearson IIT Foundation Mathematics 2020 Class 9/cedited by Sonal Jain, Gupta Aishwarya and Vipin Kumar a9th edition aNoidabPearsonc2020 a15th floor,Tower-B,Word Trade Tower,Plot no.1,Block-C sec 16,bNoidae201301k04466540100mcompanysecretary.india@pearson.com axviii; Various pages.c25cm(pbk)bGeometrical Diagrams aIncludes Mock Test aJain, Sonal aGupta, Aishwarya aKumar, Vipin 2ddccENh510mPEA 001040708NFICaAVbAVd2020-09-11eDBAD/PUBg625.00l6m3o510 PEApEN-111951r2023-07-08 00:00:00s2023-06-09v625.00yEN